LEADER 01047nam0-22003131i-450- 001 990006036870403321 005 19980601 035 $a000603687 035 $aFED01000603687 035 $a(Aleph)000603687FED01 035 $a000603687 100 $a19980601d1981----km-y0itay50------ba 105 $a--------00-yy 200 1 $aCorso di storia romana$eparte speciale$estoria sociale di Roma$ele classi inferiori$fFrancesco M. De Robertis$elezioni raccolte dal Dott. Sciarra Vittorio ; contributi varii allastoria economica e sociale di Roma. 210 $aRoma$cL'Erma di Bretschneider$d1981 215 $a72 p.$d24 cm 225 1 $aStudia historica$v127 324 $aRistampa anastatica dell'edizione del 1945 676 $a930 700 1$aDe Robertis,$bFrancesco M.$0187089 702 1$aSciarra,$bVittorio 801 0$aIT$bUNINA$gRICA$2UNIMARC 901 $aBK 912 $a990006036870403321 952 $aXXI A 694 (127)$b5704$fFGBC 959 $aFGBC 996 $aCorso di storia romana$9579738 997 $aUNINA DB $aGIU01 LEADER 01022nam0-22003611i-450- 001 990003790320403321 005 20090312093512.0 010 $a88-204-2012-0 035 $a000379032 035 $aFED01000379032 035 $a(Aleph)000379032FED01 035 $a000379032 100 $a20030910d1984----km-y0itay50------ba 101 0 $aita 102 $aIT 105 $ay-------001yy 200 1 $a<>comunicazioni di massa$eproblemi e prospettive$fL. Bisky, G. Cesareo ... [et al.]$ga cura di Marino Livolsi 205 $a2. ed. 210 $aMilano$cFrancoAngeli$d1984 215 $a180 p.$cfig.$d22 cm 225 1 $aComunicazione e società$v7 610 0 $aComunicazione di massa 610 0 $aMezzi di comunicazione di massa 676 $a302.2 676 $a302.23 702 1$aLivolsi,$bMarino$f<1937- > 801 0$aIT$bUNINA$gRICA$2UNIMARC 901 $aBK 912 $a990003790320403321 952 $a302.2 LIV 1$b2530$fBFS 959 $aBFS 996 $aPublizistik$956324 997 $aUNINA